Аналіз комунікативних девіацій медіа простору (на матеріалах блогів, коментарів) (Запис № 285393)

МАРК-запис
000 -LEADER
fixed length control field 01817nam a22001577a 4500
041 ## - LANGUAGE CODE
Language code of text/sound track or separate title ukr
080 ## - UNIVERSAL DECIMAL CLASSIFICATION NUMBER
Universal Decimal Classification number 09
090 ## - LOCALLY ASSIGNED LC-TYPE CALL NUMBER (OCLC); LOCAL CALL NUMBER (OCLC)
Local cutter number (OCLC) ; Book number/undivided call number, CALL (RLIN) ПИЛ
100 ## - MAIN ENTRY--PERSONAL NAME
Personal name Пилипко, Р. С.
245 ## - TITLE STATEMENT
Title Аналіз комунікативних девіацій медіа простору (на матеріалах блогів, коментарів)
260 ## - PUBLICATION, DISTRIBUTION, ETC. (IMPRINT)
Place of publication, distribution, etc Острог
Name of publisher, distributor, etc КАФ
Date of publication, distribution, etc 2014
300 ## - PHYSICAL DESCRIPTION
Extent 58
520 ## - SUMMARY, ETC.
Summary, etc Вступ.<br/>Розділ І. Теоретичне осмислення успішності комунікації.<br/>1.1. "Комунікація" як ключове поняття комунікативної та соціолінгвістики<br/>1.2. Мовна та комунікативна компетенція<br/>1.3. Комунікація в межах медіапростору. Блогосфера<br/>Розділ ІІ. Комунікативна девіація як проблема порушення перебігу спілкування.<br/>2.1. Поняття комунікативної девіації у науковій літературі<br/>2.2. Комунікативні девіації мовного характеру<br/>2.3. Комунікативні девіації мовленнєвого характеру<br/>2.4. Комунікативні девіації лінгвокогнітивного характеру<br/>2.5. Комунікативні девіації паралінгвістичного характеру<br/>Розділ ІІІ. Порушення лексичних правил як причина виникнення комунікативних девіацій.<br/>Висновки.<br/>Список використаних джерел.<br/>Додатки.
-- комунікація, комунікативна девіація
650 ## - SUBJECT ADDED ENTRY--TOPICAL TERM
Topical term or geographic name as entry element Research Papers
942 ## - ADDED ENTRY ELEMENTS (KOHA)
Koha item type Книги
Фонди
Withdrawn status Lost status Source of classification or shelving scheme Damaged status Not for loan Home library Current library Date acquired Source of acquisition Cost, normal purchase price Total Checkouts Full call number Barcode Date last seen Price effective from Koha item type
    Universal Decimal Classification     ВІЛ - Відділ іноземн. літератури НБ ВІЛ - Відділ іноземн. літератури НБ 17/06/2014 Акт №8 1.00   09 215639 09/11/2021 17/06/2014 Книги